[Event "OLOB 1920 SV Medizin Erfurt - SV Oberur"]
[Site "?"]
[Date "2020.03.01"]
[Round "9.5"]
[White "Stork, Oliver"]
[Black "Mueller-Ludwig, Kristin"]
[Result "1-0"]
[WhiteElo "2367"]
[BlackElo "2061"]
[PlyCount "157"]
[EventDate "2020.??.??"]

{[%evp 0,32,20,20,34,17,44,44,44,50,47,19,29,29,38,27,47,49,44,42,42,28,33,45,
57,37,35,27,73,66,61,114,172,180,187]} 1. d4 Nf6 2. Bf4 g6 3. Nc3 d5 4. e3 Bg7
5. h4 a6 6. Be2 h5 7. Nf3 Bg4 8. Ne5 Bxe2 9. Qxe2 Nbd7 10. O-O-O c6 11. Kb1 Qa5
12. f3 Nxe5 13. Bxe5 O-O-O 14. e4 e6 15. Qd2 Ne8 16. Nxd5 Rxd5 17. Bxg7 Nxg7
18. exd5 Qxd5 19. Qf4 Nf5 20. g4 Qd6 21. Qxd6 Nxd6 22. Rde1 Kd7 23. Kc1 Ne8 24.
Kd2 Nf6 25. Reg1 Kd6 26. c4 b5 27. b3 Rb8 28. Kc2 a5 29. Rg2 Rb7 30. a3 Rb8 31.
Re1 Rh8 32. Rh1 Rb8 33. Kc3 bxc4 34. bxc4 hxg4 35. fxg4 Ne4+ 36. Kc2 c5 37.
dxc5+ Kxc5 38. h5 Kxc4 39. hxg6 fxg6 40. Rh7 Rc8 41. Rd7 Kb5+ 42. Kb2 Nc5 43.
Rg7 Nd3+ 44. Ka2 Ka4 45. g5 Nc1+ 46. Kb1 Nd3 47. Rc2 Rf8 48. Rxg6 Rf1+ 49. Ka2
Nc1+ 50. Kb2 Nd3+ 51. Kc3 Nf4 52. Rh6 e5 53. Kb2 Nd3+ 54. Ka2 Nc1+ 55. Rxc1
Rxc1 56. Rh4+ Kb5 57. Rg4 Rc7 58. Kb3 Rg7 59. g6 a4+ 60. Kc3 Kc5 61. Kd3 Kd5
62. Rxa4 e4+ 63. Kc3 Ke5 64. Ra6 Kf4 65. Kd2 Rd7+ 66. Ke2 Rb7 67. a4 e3 68.
Rf6+ Kg5 69. Re6 Kf5 70. Rxe3 Kxg6 71. Kd3 Rb3+ 72. Kd2 Rb4 73. Ra3 Kf5 74. Kc3
Rb8 75. Kc4 Ke6 76. Rd3 Rc8+ 77. Kb5 Rb8+ 78. Kc6 Ra8 79. Re3+ 1-0

[Event "OLOB 1920 SV Medizin Erfurt - SV Oberur"]
[Site "?"]
[Date "2020.03.01"]
[Round "9.6"]
[White "Kirschbaum, Gunnar"]
[Black "Schlamp, Robert"]
[Result "1-0"]
[WhiteElo "2034"]
[BlackElo "2290"]
[PlyCount "81"]
[EventDate "2020.??.??"]

{[%evp 0,42,20,20,20,-16,-16,-17,7,-11,11,10,-3,20,46,51,52,36,32,35,63,48,48,
34,58,58,51,48,94,77,74,74,117,104,109,74,113,109,93,89,137,119,151,157,192]} 
1. d4 d5 2. c4 e6 3. Nc3 Nf6 4. Nf3 Be7 5. Bg5 Nbd7 6. e3 O-O 7. cxd5 exd5 8.
Qc2 Re8 9. Bd3 Nf8 10. O-O c6 11. Rab1 g6 12. b4 Ne6 13. Bh4 Ng7 14. b5 Nf5 15.
Bg5 Nh5 16. Bxe7 Nxe7 17. Ne5 Qd6 18. bxc6 bxc6 19. Rfc1 Be6 20. Na4 Rec8 21.
Rb7 Ng7 22. Qc5 Nef5 23. h3 Qd8 24. Rxa7 Rxa7 25. Qxa7 Qg5 26. Nf3 Qf6 27. Nb6
Rd8 28. Rxc6 h5 29. Qc7 g5 30. Bxf5 Nxf5 31. Qe5 Qe7 32. g4 hxg4 33. hxg4 Ng7
34. Qxg5 Qe8 35. Rc7 Rb8 36. Nxd5 Rb1+ 37. Kg2 Bxd5 38. Qxd5 Ne6 39. Ra7 Rb8
40. Ne5 Rd8 41. Rd7 1-0

[Event "OLOB 1920 SV Medizin Erfurt - SV Oberur"]
[Site "?"]
[Date "2020.03.01"]
[Round "9.7"]
[White "Weber, Samuel"]
[Black "Reichel, Norbert"]
[Result "1-0"]
[WhiteElo "2336"]
[BlackElo "2078"]
[PlyCount "87"]
[EventDate "2020.??.??"]

{[%evp 0,31,20,22,48,52,121,112,95,71,64,56,54,1,80,98,83,66,160,102,143,135,
125,114,150,134,127,103,109,117,132,80,133,117]} 1. e4 c5 2. Nf3 g6 3. Bc4 Bg7
4. O-O Nc6 5. Re1 d6 6. c3 e6 7. d4 cxd4 8. cxd4 Nce7 9. Bf4 a6 10. Qa4+ Bd7
11. Qa3 b5 12. Bb3 Nc8 13. Bxd6 Nxd6 14. Qxd6 Ne7 15. Rc1 Rc8 16. Rxc8 Qxc8 17.
Nc3 Qc6 18. Qb8+ Qc8 19. Qd6 Qc6 20. Qb4 Qc7 21. d5 Qb6 22. dxe6 fxe6 23. Rd1
a5 24. Qd6 Qxd6 25. Rxd6 a4 26. Bxe6 Bxe6 27. Rxe6 Kd7 28. Ra6 Rc8 29. e5 b4
30. Rd6+ Ke8 31. Nd1 Nf5 32. Rd3 Ke7 33. g4 Nh6 34. Rd4 Rc1 35. Kg2 a3 36. bxa3
bxa3 37. Ne3 Ra1 38. Rd2 Nf7 39. Nc4 Rc1 40. Nxa3 Rc5 41. Rc2 Rxc2 42. Nxc2
Nxe5 43. Nxe5 Bxe5 44. Ne3 1-0

[Event "OLOB 1920 SV 1861 Liebschwitz - SF SchÃ"]
[Site "?"]
[Date "2020.03.01"]
[Round "9.1"]
[White "Konopka, Michal"]
[Black "Gerhardt, Frank"]
[Result "1/2-1/2"]
[WhiteElo "2353"]
[BlackElo "2205"]
[PlyCount "103"]
[EventDate "2020.??.??"]

{[%evp 0,29,16,16,28,-17,52,10,25,27,-4,19,17,28,36,30,36,43,41,11,69,8,21,-25,
27,19,23,20,20,15,24,26]} 1. Nf3 Nf6 2. c4 g6 3. g3 Bg7 4. Bg2 O-O 5. d4 d6 6.
Nc3 Nbd7 7. O-O c6 8. h3 e5 9. e4 Qb6 10. Re1 exd4 11. Nxd4 Ne8 12. Nb3 Ne5 13.
Bf1 Be6 14. Be3 Qc7 15. Nd2 f5 16. f4 Nf7 17. Rc1 Nf6 18. exf5 Bxf5 19. Nf3
Rae8 20. Nd4 Bc8 21. Qd2 Ne4 22. Nxe4 Rxe4 23. Bg2 Re7 24. Bf2 Rfe8 25. b3 Nd8
26. Rxe7 Rxe7 27. Re1 a6 28. Nf3 Nf7 29. Kh2 Qd8 30. g4 Qe8 31. Rxe7 Qxe7 32.
Kg3 h6 33. Qe3 Kf8 34. Qxe7+ Kxe7 35. Bd4 Bxd4 36. Nxd4 Kf6 37. h4 Nd8 38. Bh3
Kf7 39. Bf1 Ne6 40. Nxe6 Bxe6 41. Bd3 Kf6 42. g5+ hxg5 43. fxg5+ Kf7 44. Kf4 a5
45. a3 b6 46. Be4 Bd7 47. Bf3 Ke7 48. Be4 Be8 49. Bg2 Ke6 50. Bh3+ Ke7 51. Bg4
Bf7 52. Bf3 1/2-1/2

[Event "OLOB 1920 SV 1861 Liebschwitz - SF SchÃ"]
[Site "?"]
[Date "2020.03.01"]
[Round "9.2"]
[White "Hermannsdoerfer, Frank"]
[Black "Marchio, Enrico"]
[Result "0-1"]
[WhiteElo "2155"]
[BlackElo "2292"]
[PlyCount "80"]
[EventDate "2020.??.??"]

{[%evp 0,18,30,-22,-8,-5,5,-23,-29,-33,-5,-5,-5,-24,9,4,4,-2,-6,-13,-8]} 1. b3
Nf6 2. Bb2 g6 3. Bxf6 exf6 4. c4 Bg7 5. Nc3 O-O 6. g3 f5 7. Bg2 Re8 8. Rc1 d6
9. Nf3 c6 10. O-O Nd7 11. b4 Nb6 12. d3 d5 13. c5 Nd7 14. e3 Nf8 15. d4 g5 16.
Qd3 Ng6 17. Nd2 f4 18. exf4 gxf4 19. Rfe1 Bg4 20. Rxe8+ Qxe8 21. Nb3 Qe7 22.
Nb1 Re8 23. N1d2 Qe6 24. Bf1 Re7 25. b5 h5 26. Nf3 cxb5 27. Re1 Qf6 28. Rxe7
Qxe7 29. Bg2 a6 30. Qd2 Qf6 31. Ne1 Bh6 32. Nd3 Kg7 33. Qe1 fxg3 34. fxg3 h4
35. Bxd5 hxg3 36. hxg3 Bf3 37. Bxf3 Qxf3 38. Ne5 Be3+ 39. Kh2 Nxe5 40. dxe5 Bf2
0-1

[Event "OLOB 1920 SV 1861 Liebschwitz - SF SchÃ"]
[Site "?"]
[Date "2020.03.01"]
[Round "9.3"]
[White "Heinatz, Thomas"]
[Black "Franke, Luca"]
[Result "1-0"]
[WhiteElo "2312"]
[BlackElo "1944"]
[PlyCount "73"]
[EventDate "2020.??.??"]

{[%evp 0,33,20,23,23,2,20,12,19,-42,-24,-15,17,-10,32,35,37,33,30,26,24,46,60,
60,83,36,59,25,57,48,35,31,53,76,132,102]} 1. e4 e5 2. Bc4 Nf6 3. d3 c6 4. Nf3
d5 5. Bb3 Bd6 6. exd5 Nxd5 7. O-O O-O 8. Nbd2 Nd7 9. Re1 Re8 10. Ne4 Bc7 11.
Bg5 f6 12. c4 Ne7 13. Be3 Kh8 14. d4 exd4 15. Bxd4 Nf5 16. Bc3 Nf8 17. Qc2 Ba5
18. Rad1 Qc7 19. c5 Bxc3 20. Qxc3 Be6 21. h3 Bxb3 22. axb3 Rad8 23. Rxd8 Qxd8
24. g4 Nh6 25. Nd6 Rxe1+ 26. Qxe1 Qd7 27. Qe4 Nf7 28. Nf5 Ne6 29. b4 Neg5 30.
Nxg5 Nxg5 31. Qe3 h5 32. Kg2 hxg4 33. hxg4 g6 34. Qd4 Qe6 35. Qd8+ Kh7 36. Qc7+
Kh8 37. Qg7# 1-0

[Event "OLOB 1920 SV 1861 Liebschwitz - SF SchÃ"]
[Site "?"]
[Date "2020.03.01"]
[Round "9.4"]
[White "Kitzig, Tobias"]
[Black "Nazarenus, Moritz"]
[Result "0-1"]
[WhiteElo "1472"]
[BlackElo "2220"]
[PlyCount "50"]
[EventDate "2020.??.??"]

{[%evp 0,29,20,20,20,25,38,23,27,7,7,26,20,2,-10,-23,-23,-31,-21,-12,-11,-11,
-11,-17,-30,-124,-119,-111,-100,-162,-169,-161]} 1. d4 d5 2. Bf4 Nf6 3. e3 e6
4. Bd3 Bd6 5. Bxd6 Qxd6 6. Nd2 O-O 7. f4 c5 8. c3 Nc6 9. Ngf3 cxd4 10. cxd4 Nb4
11. Be2 Ng4 12. Qb3 Nxe3 13. Kf2 Ng4+ 14. Kg1 Qxf4 15. h3 Qe3+ 16. Qxe3 Nxe3
17. g4 f5 18. a3 Nc6 19. Kf2 Nc2 20. Rag1 N2xd4 21. Nxd4 Nxd4 22. Bd3 e5 23.
Bxf5 Nxf5 24. gxf5 Bxf5 25. Ke1 Rac8 0-1

[Event "OLOB 1920 SV 1861 Liebschwitz - SF SchÃ"]
[Site "?"]
[Date "2020.03.01"]
[Round "9.5"]
[White "Schaack, Harry"]
[Black "Ahmed, Daniel"]
[Result "1-0"]
[WhiteElo "2189"]
[BlackElo "1923"]
[PlyCount "41"]
[EventDate "2020.??.??"]

{[%evp 0,41,20,23,30,30,45,64,87,90,84,79,115,94,81,77,68,47,56,47,49,39,24,
-26,46,44,42,3,0,-19,-18,-12,-22,-23,-18,-63,-67,-81,51,42,89,88,220,219]} 1.
e4 d5 2. exd5 Qxd5 3. Nc3 Qd8 4. d4 Nf6 5. Nf3 g6 6. Bc4 Bg7 7. Bf4 O-O 8. Qd2
a6 9. a4 Nc6 10. h3 Bf5 11. O-O Nb4 12. Bb3 c5 13. dxc5 Qxd2 14. Bxd2 Bxc2 15.
Bxc2 Nxc2 16. Rac1 Nb4 17. Ne2 Nd3 18. Rc3 Nxb2 19. Rb1 Nxa4 20. Rc4 b5 21.
cxb6 1-0

[Event "OLOB 1920 SV 1861 Liebschwitz - SF SchÃ"]
[Site "?"]
[Date "2020.03.01"]
[Round "9.6"]
[White "Zeidler, Andreas"]
[Black "Meyer, Kai-Christian"]
[Result "0-1"]
[WhiteElo "2160"]
[BlackElo "2230"]
[PlyCount "74"]
[EventDate "2020.??.??"]

{[%evp 0,35,20,20,20,-10,31,25,30,46,61,40,54,52,55,55,28,4,4,-18,-2,-58,-69,
-81,-95,-95,-25,-54,-66,-66,-67,-64,-79,-110,-134,-91,-111,-184]} 1. d4 Nf6 2.
c4 c6 3. Nc3 d5 4. e3 a6 5. Nf3 Bf5 6. Qb3 b5 7. cxd5 cxd5 8. a4 b4 9. Qxb4 Nc6
10. Qb3 Rb8 11. Qd1 Nb4 12. e4 dxe4 13. Nh4 Bg4 14. f3 exf3 15. gxf3 Bh5 16.
Be2 e6 17. Bf4 Bd6 18. Ng2 Nfd5 19. Bxd6 Qxd6 20. Ne4 Qe7 21. Nc5 O-O 22. O-O
e5 23. Nxa6 Nxa6 24. Bxa6 Rxb2 25. Qc1 Qb4 26. dxe5 Qd4+ 27. Kh1 Rxg2 28. Kxg2
Ne3+ 29. Kh1 Nxf1 30. Bxf1 Bxf3+ 31. Bg2 Bxg2+ 32. Kxg2 Rb8 33. Qe1 Rb2+ 34.
Kf3 Rxh2 35. Kg3 Qh4+ 36. Kf3 Rh3+ 37. Ke2 Qe4+ 0-1

[Event "OLOB 1920 SV 1861 Liebschwitz - SF SchÃ"]
[Site "?"]
[Date "2020.03.01"]
[Round "9.7"]
[White "Kirchner, Markus"]
[Black "Kastner, Peter"]
[Result "1/2-1/2"]
[WhiteElo "1984"]
[BlackElo "2126"]
[PlyCount "39"]
[EventDate "2020.??.??"]

{[%evp 0,31,20,23,50,54,81,74,66,38,30,-4,48,31,57,49,44,44,65,58,78,66,58,68,
64,51,41,14,41,26,27,41,40,43]} 1. e4 c5 2. Nf3 d6 3. d4 cxd4 4. Nxd4 Nf6 5. f3
a6 6. c4 e6 7. Nc3 Be7 8. Be3 Qc7 9. Be2 Nbd7 10. O-O O-O 11. Qd2 b6 12. Rfd1
Bb7 13. Bf1 Rac8 14. Rac1 Ne5 15. b3 Nfd7 16. Be2 Qb8 17. f4 Nc6 18. Bf3 Qa8
19. Qf2 Nc5 20. Nc2 1/2-1/2

[Event "OLOB 1920 SV 1861 Liebschwitz - SF SchÃ"]
[Site "?"]
[Date "2020.03.01"]
[Round "9.8"]
[White "Biel, Maik"]
[Black "Mueller, Achim"]
[Result "1/2-1/2"]
[WhiteElo "2085"]
[BlackElo "2090"]
[PlyCount "49"]
[EventDate "2020.??.??"]

{[%evp 0,38,20,20,20,-10,54,35,35,35,35,37,45,46,106,34,72,64,64,40,78,12,15,
25,23,13,27,24,58,54,57,53,71,71,100,48,75,65,35,42,29]} 1. d4 Nf6 2. c4 g6 3.
Nc3 Bg7 4. e4 d6 5. Be2 O-O 6. Nf3 e5 7. O-O Nc6 8. d5 Ne7 9. b4 Nd7 10. a4 a5
11. bxa5 Rxa5 12. Nd2 Nc5 13. Ba3 Ra8 14. Bxc5 dxc5 15. Nb3 b6 16. a5 Ba6 17.
Nb5 Bb7 18. f3 Nc8 19. axb6 Rxa1 20. Nxa1 cxb6 21. Qd3 Nd6 22. Rb1 Ba6 23. Nxd6
Qxd6 24. Qb3 Rb8 25. Nc2 1/2-1/2

[Event "OLOB 1920 Bad Emstal/Wolfhagen - Wiesba"]
[Site "?"]
[Date "2020.03.01"]
[Round "9.1"]
[White "Baskin, Robert"]
[Black "Sivuk, Vitaly"]
[Result "1-0"]
[WhiteElo "2385"]
[BlackElo "2543"]
[PlyCount "83"]
[EventDate "2020.??.??"]

{[%evp 0,33,34,36,65,65,65,74,86,88,110,99,74,58,57,11,15,13,12,4,-2,-2,3,17,
12,25,14,15,6,-4,12,-11,23,14,14,14]} 1. e4 c6 2. d4 d5 3. e5 c5 4. Nf3 Bg4 5.
dxc5 Nc6 6. c3 a6 7. Be2 e6 8. Be3 Bxf3 9. Bxf3 Nxe5 10. Be2 Nf6 11. Nd2 Be7
12. O-O O-O 13. b4 Nc6 14. Qb3 a5 15. a3 axb4 16. axb4 Rxa1 17. Rxa1 d4 18.
Bxd4 Nxd4 19. cxd4 Qxd4 20. Rd1 Nd5 21. Nc4 Qc3 22. Qxc3 Nxc3 23. Rd7 Nxe2+ 24.
Kf1 Bxc5 25. bxc5 Nf4 26. g3 Nd5 27. Rxb7 f6 28. c6 Ra8 29. c7 Nxc7 30. Rxc7 h5
31. Nd6 Kh7 32. Re7 h4 33. Kg2 hxg3 34. hxg3 e5 35. Ne8 Kh6 36. Nxg7 Kg6 37.
Ne8 Ra6 38. Rg7+ Kf5 39. Rf7 e4 40. Rxf6+ Rxf6 41. Nxf6 Kxf6 42. Kf1 1-0

[Event "OLOB 1920 Bad Emstal/Wolfhagen - Wiesba"]
[Site "?"]
[Date "2020.03.01"]
[Round "9.3"]
[White "Dubkov, Andrej"]
[Black "Frolov, Artur"]
[Result "1/2-1/2"]
[WhiteElo "2335"]
[BlackElo "2415"]
[PlyCount "65"]
[EventDate "2020.??.??"]

{[%evp 0,32,25,21,80,7,13,-10,15,-39,-21,-33,-20,-7,-4,-16,4,15,28,22,29,45,42,
32,39,32,9,9,14,6,24,37,52,41,49]} 1. Nf3 c5 2. g3 Nc6 3. Bg2 Nf6 4. d4 cxd4 5.
Nxd4 d5 6. O-O Bd7 7. Nb3 e6 8. Nc3 Bb4 9. e4 Bxc3 10. exd5 exd5 11. bxc3 O-O
12. Bg5 h6 13. Bxf6 Qxf6 14. Qxd5 Rad8 15. Qf3 Qxf3 16. Bxf3 b6 17. a4 Ne5 18.
Be4 Rc8 19. f4 Ng4 20. Nd4 Rxc3 21. Nb5 Bxb5 22. axb5 Re8 23. Bd3 Rc7 24. Rfe1
Rxe1+ 25. Rxe1 Kf8 26. Re4 Nf6 27. Rd4 Nd7 28. Kf2 Nc5 29. Ke3 Ke7 30. Bc4 Nb7
31. Bd3 Nc5 32. Bc4 Nb7 33. Bd3 1/2-1/2

[Event "OLOB 1920 Bad Emstal/Wolfhagen - Wiesba"]
[Site "?"]
[Date "2020.03.01"]
[Round "9.4"]
[White "Shkuran, Danylo"]
[Black "Gottschalk, Jens"]
[Result "1/2-1/2"]
[WhiteElo "2342"]
[BlackElo "2259"]
[PlyCount "48"]
[EventDate "2020.??.??"]

1. Nf3 Nf6 2. g3 d5 3. Bg2 c6 4. O-O Bg4 5. d3 Nbd7 6. Nbd2 e5 7. e4 dxe4 8.
dxe4 Bc5 9. h3 Bh5 10. Qe1 O-O 11. Nc4 Re8 12. a4 Qc7 13. Nh4 b5 14. Ne3 Bf8
15. axb5 cxb5 16. g4 Bg6 17. Qe2 b4 18. g5 Nh5 19. Nd5 Qb8 20. Ra5 Bc5 21. Rd1
Ng3 22. Qe1 Nh5 23. Qe2 Ng3 24. Qe1 Nh5 1/2-1/2

[Event "OLOB 1920 Bad Emstal/Wolfhagen - Wiesba"]
[Site "?"]
[Date "2020.03.01"]
[Round "9.5"]
[White "Kayser, Felix"]
[Black "Skliarov, Viktor"]
[Result "0-1"]
[WhiteElo "2100"]
[BlackElo "2375"]
[PlyCount "60"]
[EventDate "2020.??.??"]

{[%evp 0,60,21,30,66,46,52,59,56,46,41,18,39,15,27,26,14,10,13,7,12,1,49,14,11,
2,-5,-1,-7,-15,-10,-10,-19,-34,10,19,-35,-21,-37,-34,-30,-127,-98,-84,-97,-156,
-105,-94,-98,-80,-73,-45,-48,-80,-92,-109,-100,-100,-85,-109,-84,-133,-128]} 1.
e4 c5 2. Nf3 Nc6 3. Bb5 e6 4. O-O Nge7 5. Re1 a6 6. Bf1 g6 7. d4 cxd4 8. Nxd4
Bg7 9. Nf3 O-O 10. Nc3 b5 11. a3 Qc7 12. g3 Rd8 13. Bf4 d6 14. Qd2 Ne5 15. Be2
Bb7 16. Bh6 Bh8 17. Qf4 d5 18. exd5 Nxd5 19. Nxd5 Rxd5 20. c4 bxc4 21. Nxe5
Bxe5 22. Qxc4 Rc5 23. Qa4 Bxb2 24. Rab1 Bc3 25. Rec1 Bd5 26. Qh4 Bg7 27. Be3
Rxc1+ 28. Rxc1 Qb7 29. Qa4 a5 30. Qf4 Qb2 0-1

[Event "OLOB 1920 Bad Emstal/Wolfhagen - Wiesba"]
[Site "?"]
[Date "2020.03.01"]
[Round "9.6"]
[White "Tiba, Vladyslav"]
[Black "Ochs, Daniel Elias"]
[Result "1-0"]
[WhiteElo "2363"]
[BlackElo "2068"]
[PlyCount "43"]
[EventDate "2020.??.??"]

{[%evp 0,31,12,11,52,46,56,45,42,40,76,84,74,75,99,63,61,46,56,39,31,11,21,21,
32,-5,21,22,8,8,11,-2,49,69]} 1. e4 c5 2. Nf3 e6 3. d4 cxd4 4. Nxd4 a6 5. Nc3
Qc7 6. Be2 b5 7. O-O Bb7 8. Re1 Nc6 9. Nxc6 dxc6 10. e5 Rd8 11. Bd3 c5 12. Qh5
g6 13. Qe2 Bg7 14. Be4 Bxe4 15. Nxe4 Qxe5 16. Bg5 Ne7 17. a4 bxa4 18. Qxa6 Kf8
19. Qb7 Re8 20. Rad1 Nd5 21. Nxc5 Ne7 22. Bxe7+ 1-0

[Event "OLOB 1920 Bad Emstal/Wolfhagen - Wiesba"]
[Site "?"]
[Date "2020.03.01"]
[Round "9.7"]
[White "Bakiev, Diyor"]
[Black "Larkin, Vladyslav"]
[Result "1-0"]
[WhiteElo "2092"]
[BlackElo "2402"]
[PlyCount "57"]
[EventDate "2020.??.??"]

{[%evp 0,40,26,11,29,37,71,48,60,46,67,-21,72,72,98,22,49,40,12,14,31,31,5,8,
25,24,25,19,42,10,46,46,74,74,164,184,414,434,409,415,402,419,466]} 1. e4 d5 2.
exd5 Qxd5 3. Nf3 Bg4 4. Be2 Nc6 5. h3 Bh5 6. d4 e6 7. c4 Qd7 8. d5 exd5 9. cxd5
Bxf3 10. Bxf3 Ne5 11. O-O O-O-O 12. Nc3 Nf6 13. Bf4 Bd6 14. Be2 Qf5 15. Be3 a6
16. Qd4 h5 17. f4 Neg4 18. Bd3 Nxe3 19. Bxf5+ Nxf5 20. Qa7 Nd7 21. Ne4 Nb6 22.
a4 Rhe8 23. a5 Rxe4 24. axb6 Bc5+ 25. Kh2 Nd6 26. Rac1 Nc4 27. Qa8+ Kd7 28.
Qxb7 Bxb6 29. Qc6+ 1-0

[Event "OLOB 1920 Bad Emstal/Wolfhagen - Wiesba"]
[Site "?"]
[Date "2020.03.01"]
[Round "9.8"]
[White "Shankovskyi, Andrii"]
[Black "Ungurean, Florin-Ioan"]
[Result "1-0"]
[WhiteElo "2404"]
[BlackElo "1990"]
[PlyCount "161"]
[EventDate "2020.??.??"]

{[%evp 0,47,26,11,46,56,56,23,15,22,50,53,35,41,42,33,34,35,64,16,12,19,29,28,
22,18,27,-3,0,-5,-4,-8,-16,-13,3,-22,0,-1,-6,-24,-4,-36,-8,-38,-8,-2,12,-7,17,
25]} 1. e4 c5 2. Nf3 e6 3. c4 Nc6 4. Nc3 Nd4 5. d3 Ne7 6. g3 g6 7. Bg2 Bg7 8.
O-O d6 9. h4 e5 10. Nxd4 cxd4 11. Nd5 Nxd5 12. exd5 h5 13. Bd2 Bf5 14. b4 b6
15. Rc1 Qd7 16. Qb3 Rc8 17. Rc2 Bf6 18. Re1 O-O 19. Bc1 Rc7 20. f4 Rfc8 21.
Rce2 Bg4 22. Rf2 Bf5 23. Kh2 Bg7 24. fxe5 Bxe5 25. Bf4 Re8 26. Be4 Bxe4 27.
Rxe4 f5 28. Ree2 Bxf4 29. gxf4 Rxe2 30. Rxe2 Qd8 31. Kg3 Re7 32. Qb2 Qe8 33.
Rxe7 Qxe7 34. Qf2 Kh7 35. a3 a5 36. Kg2 axb4 37. axb4 Qe8 38. Kg3 Qe7 39. Kh3
Qe8 40. Kg3 Qe7 41. Kf3 Kg8 42. Kg2 Kh7 43. Kf1 Qa7 44. Qxd4 Qa4 45. b5 Qd1+
46. Kf2 Qd2+ 47. Kf1 Qd1+ 48. Kf2 Qd2+ 49. Kg3 Qe2 50. Qxb6 Qxd3+ 51. Kf2 Qxc4
52. Qc6 Qd4+ 53. Ke2 Qb2+ 54. Kd3 Qb3+ 55. Kd4 Qb4+ 56. Qc4 Qd2+ 57. Qd3 Qb4+
58. Ke3 Qc5+ 59. Kd2 Kg8 60. Qb3 Qb6 61. Kd3 Kh7 62. Qc4 Qa5 63. Qb3 Qb6 64.
Qb4 Kg8 65. Qc4 Qa5 66. Kc2 Kh7 67. Kb3 Qb6 68. Kb4 Kh6 69. Qc3 Kh7 70. Qc6
Qd4+ 71. Ka5 Qa7+ 72. Qa6 Qc5 73. Qb7+ Kh6 74. Qb8 Kh7 75. Qb7+ Kh6 76. Qf7 Qc8
77. b6 Qa8+ 78. Kb5 Qa3 79. Qg8 Qd3+ 80. Kc6 Qc4+ 81. Kd7 1-0

[Event "OLOB 1920 SK Marburg 1931/1972 - SV Gri"]
[Site "?"]
[Date "2020.03.01"]
[Round "9.1"]
[White "Jarmula, Lukasz"]
[Black "Dorst, Johannes"]
[Result "1-0"]
[WhiteElo "2445"]
[BlackElo "2253"]
[PlyCount "85"]
[EventDate "2020.??.??"]

{[%evp 0,29,18,13,21,-12,1,33,53,38,37,-20,33,52,52,52,52,52,72,53,90,23,44,31,
35,34,51,47,75,67,63,26]} 1. d4 Nf6 2. c4 c5 3. d5 b5 4. Nf3 Bb7 5. Qc2 bxc4 6.
e4 e6 7. Bxc4 exd5 8. exd5 d6 9. Nc3 Be7 10. O-O O-O 11. Bf4 Nbd7 12. Rad1 Nb6
13. b3 Nxc4 14. bxc4 Qd7 15. h3 Rfe8 16. Nd2 h6 17. a4 Bf8 18. Nb3 Ba6 19. Qd3
Rab8 20. Nb5 Bxb5 21. axb5 a6 22. bxa6 Qa4 23. Nxc5 dxc5 24. Bxb8 Rxb8 25. Ra1
Qd7 26. a7 Ra8 27. Qa3 Bd6 28. Qa6 Ne4 29. Qc6 Qxc6 30. dxc6 Kf8 31. Rfb1 Nf6
32. Rb7 Ne8 33. g3 g6 34. Re1 h5 35. Kg2 h4 36. gxh4 Kg7 37. Rd7 Bf4 38. Kf3
Bh2 39. Kg2 Bf4 40. Re4 g5 41. hxg5 Bxg5 42. Re5 Bf4 43. Rf5 1-0

[Event "OLOB 1920 SK Marburg 1931/1972 - SV Gri"]
[Site "?"]
[Date "2020.03.01"]
[Round "9.2"]
[White "Rolle, Eric"]
[Black "Tazbir, Marcin"]
[Result "0-1"]
[WhiteElo "2211"]
[BlackElo "2509"]
[PlyCount "82"]
[EventDate "2020.??.??"]

1. c4 e5 2. Nc3 Bb4 3. Nd5 a5 4. a3 Bc5 5. Nf3 d6 6. d4 exd4 7. Nxd4 Ne7 8. e4
O-O 9. Bg5 f6 10. Be3 Re8 11. Be2 Nbc6 12. Nc3 Nxd4 13. Bxd4 Bxd4 14. Qxd4 f5
15. O-O Nc6 16. Qd5+ Be6 17. Qd2 fxe4 18. Nxe4 Qh4 19. f4 h6 20. g3 Qe7 21. Nc3
Bf7 22. Rfe1 Qd7 23. Qd3 a4 24. Bf3 Na5 25. Bd5 c6 26. Bxf7+ Qxf7 27. Ne4 Nxc4
28. Nxd6 Nxd6 29. Qxd6 Rad8 30. Qb4 b5 31. Rxe8+ Qxe8 32. Re1 Qd7 33. Re7 Qd1+
34. Re1 Qc2 35. Qe4 Qxe4 36. Rxe4 Rd2 37. Re8+ Kf7 38. Rc8 Rxb2 39. Rxc6 b4 40.
Rc7+ Kg8 41. axb4 a3 0-1

[Event "OLOB 1920 SK Marburg 1931/1972 - SV Gri"]
[Site "?"]
[Date "2020.03.01"]
[Round "9.3"]
[White "Grabarczyk, Miroslaw"]
[Black "Alber, Horst"]
[Result "1/2-1/2"]
[WhiteElo "2368"]
[BlackElo "2269"]
[PlyCount "31"]
[EventDate "2020.??.??"]

{[%evp 0,31,13,13,16,-2,56,44,44,27,19,8,17,14,32,42,79,51,69,74,38,33,28,50,0,
20,21,-7,9,-19,-12,-20,-5,-18]} 1. d4 Nf6 2. c4 g6 3. Nf3 Bg7 4. g3 O-O 5. Bg2
d6 6. Nc3 c6 7. O-O Qa5 8. Qd2 Qa6 9. b3 b5 10. cxb5 cxb5 11. Bb2 Bb7 12. a3
Nbd7 13. Qd3 Rab8 14. Rfc1 Qb6 15. e4 a6 16. h3 1/2-1/2

[Event "OLOB 1920 SK Marburg 1931/1972 - SV Gri"]
[Site "?"]
[Date "2020.03.01"]
[Round "9.5"]
[White "De Visser, Leon"]
[Black "Duncker, Joachim"]
[Result "1-0"]
[WhiteElo "2221"]
[BlackElo "2201"]
[PlyCount "111"]
[EventDate "2020.??.??"]

1. d4 Nf6 2. Bf4 d5 3. e3 c5 4. c3 cxd4 5. exd4 Nc6 6. Nd2 e6 7. Ngf3 Nh5 8.
Be3 g6 9. Ne5 f6 10. Nxc6 bxc6 11. Be2 Ng7 12. Bh6 Kf7 13. h4 Nf5 14. Bxf8 Rxf8
15. h5 g5 16. O-O Kg8 17. Nb3 Rb8 18. Qd2 Rb7 19. Nc5 Rg7 20. Bg4 e5 21. Rfe1
Qd6 22. Qd3 Nh6 23. Bxc8 Rxc8 24. Qg3 Rd8 25. dxe5 fxe5 26. b4 Re8 27. Rad1 g4
28. c4 Nf5 29. Qd3 Nd4 30. Qxd4 exd4 31. Rxe8+ Kf7 32. Rde1 Rg8 33. Nb7 Qc7 34.
Nd8+ Qxd8 35. Rxd8 Rxd8 36. c5 Kf6 37. a3 Rd7 38. Kf1 d3 39. Re3 Kg5 40. Rxd3
d4 41. Ke2 Kxh5 42. Rd2 Kg5 43. Kd3 Kf5 44. Re2 a5 45. Re4 axb4 46. axb4 Ra7
47. Rxd4 Ra2 48. g3 h5 49. Rf4+ Ke5 50. Kc4 Ra3 51. b5 h4 52. bxc6 Ra8 53. c7
h3 54. Rxg4 Rh8 55. c8=Q Rxc8 56. Rh4 1-0

[Event "OLOB 1920 SK Marburg 1931/1972 - SV Gri"]
[Site "?"]
[Date "2020.03.01"]
[Round "9.6"]
[White "Nekhamkis, Genadi"]
[Black "Koehler, Ronald"]
[Result "1-0"]
[WhiteElo "2100"]
[BlackElo "2215"]
[PlyCount "85"]
[EventDate "2020.??.??"]

{[%evp 0,37,13,11,56,40,42,13,57,48,19,42,46,18,16,17,11,23,23,-29,-3,-29,-7,
-41,-62,-39,-38,-38,-61,-99,-110,-110,-115,-127,-88,-101,-105,-107,-104,-141]} 
1. e4 c5 2. d4 cxd4 3. c3 dxc3 4. Nxc3 Nc6 5. Bc4 e6 6. Nf3 a6 7. O-O b5 8. Bb3
Bb7 9. Qe2 Na5 10. Bc2 Ne7 11. Bg5 f6 12. Be3 Ng6 13. Rfd1 Nc4 14. Nd4 Nxe3 15.
Qxe3 Qc7 16. Qh3 Qe5 17. Qd3 Rd8 18. Bb3 Be7 19. g3 Qc5 20. Qe2 Qb6 21. a4 Bc5
22. a5 Qc7 23. Nxe6 dxe6 24. Bxe6 Qe5 25. Rxd8+ Kxd8 26. Rd1+ Kc7 27. Rd7+ Kb8
28. Bd5 Bc8 29. Rxg7 Ne7 30. Qd3 f5 31. Rf7 h5 32. Rxe7 Qxe7 33. Nxb5 axb5 34.
Qxb5+ Ka7 35. b4 Bd4 36. Qc4 Qg7 37. b5 Rh6 38. Qxc8 Rh8 39. Qa6+ Kb8 40. b6
Bxf2+ 41. Kg2 Bxb6 42. axb6 Qb2+ 43. Kh3 1-0

[Event "OLOB 1920 SK Marburg 1931/1972 - SV Gri"]
[Site "?"]
[Date "2020.03.01"]
[Round "9.7"]
[White "Flach, Erich"]
[Black "Yaghy, Ritta"]
[Result "0-1"]
[WhiteElo "2073"]
[BlackElo "1965"]
[PlyCount "70"]
[EventDate "2020.??.??"]

1. c4 e6 2. Nc3 d5 3. d4 c6 4. e3 Nf6 5. Nf3 Nbd7 6. Qc2 Bd6 7. g4 Nxg4 8. Rg1
Ngf6 9. Rxg7 Kf8 10. Rg2 Rg8 11. e4 Rxg2 12. Bxg2 dxe4 13. Bh6+ Kg8 14. Ng5 Bf8
15. Bxf8 Nxf8 16. O-O-O Qd6 17. Qd2 Qxh2 18. Ncxe4 Nxe4 19. Bxe4 f5 20. Rh1 Qc7
21. Bf3 Qg7 22. Bh5 Bd7 23. Qe3 Rd8 24. Nf7 Ra8 25. Nd6 b6 26. f4 Ng6 27. Rg1
Rf8 28. Rg5 Kh8 29. Qg1 Rf6 30. c5 b5 31. Kc2 Qg8 32. Kc3 a5 33. Bf3 Qf8 34.
Bh5 Nxf4 35. Bf3 Nh3 0-1